Eagles - Their Greatest Hits (1971-1975) - Sudden Death - Statistics

General Stats
  • This quiz has been taken 35 times
  • The average score is 4 of 10
Answers on the Grid
Answers color-coded by a green-red scale on the quiz's grid according to % correct below.
Already Gone
Best of My Love
Desperado
Heartache Tonight
Hotel California
I Can't Tell You Why
In The City
James Dean
Life in the Fast Lane
Love Will Keep us Alive
Lyin Eyes
New Kid in Town
One of These Nights
Peaceful Easy Feeling
Seven Bridges Road
Take It Easy
Take it to the Limit
Tequila Sunrise
The Long Run
Witchy Woman
 
Answer Stats
Answer % Correct
Already Gone
60%
Desperado
56%
Best of My Love
44%
One of These Nights
40%
Take It Easy
40%
Lyin Eyes
32%
Take it to the Limit
32%
Tequila Sunrise
32%
Witchy Woman
32%
Peaceful Easy Feeling
28%
No matching quizzes found
Score Distribution
Percent of People with Each Score
Percentile by Number Answered
Your Score History
You have not taken this quiz